MARC

LEADER 00000nam0a2200000 4500
001 73320
005 20231101212711.0
035 |a (RuTPU)RU\TPU\book\78243 
090 |a 73320 
100 |a 20050214d1974 km y0rusy50 ca 
101 0 |a rus 
102 |a RU 
105 |a a z 001zy 
200 1 |a Физико-химия полиолефинов (структура и свойства)  |f Г. П. Андрианова 
210 |a Москва  |c Химия  |d 1974 
215 |a 239 с.  |c ил. 
320 |a Библиогр. в конце глав. 
320 |a Предметный указатель: с. 235-239. 
606 |a Полиолефины  |2 stltpush  |3 (RuTPU)RU\TPU\subj\50431  |9 69111 
610 1 |a химическая технология 
610 1 |a структура 
610 1 |a свойства 
610 1 |a физико-химические свойства 
610 1 |a переходные процессы 
610 1 |a механические свойства 
675 |a 678.742  |v 3 
700 1 |a Андрианова  |b Г. П.  |g Гелина Павловна 
801 1 |a RU  |b 63413507  |c 20050214  |g PSBO 
801 2 |a RU  |b 63413507  |c 20201029  |g PSBO 
942 |c BK